| Tag |
First Indicator |
Second Indicator |
Subfields |
| LEADER |
00000cam a2200000 a 4500 |
| 001 |
in00000013583 |
| 005 |
20151007052516.0 |
| 008 |
860708s1987 enka b 00100 eng |
| 010 |
|
|
|a 86015954
|
| 020 |
|
|
|a 0471909149 :
|c $90.00 (U.S.)
|
| 035 |
|
|
|a (OCoLC)13946572
|
| 035 |
|
|
|9 AAA8074AM
|
| 040 |
|
|
|a DLC
|c DLC
|d TXA
|d UtOrBLW
|
| 049 |
|
|
|a TXAM
|c [A11486664]
|
| 050 |
0 |
0 |
|a TC175.2
|b .S37 1987
|
| 082 |
0 |
|
|a 551.3/53
|2 19
|
| 245 |
0 |
0 |
|a Sediment transport in gravel-bed rivers /
|c edited by C.R. Thorne, J.C. Bathurst, and R.D. Hey.
|
| 264 |
|
1 |
|a Chichester [West Sussex] ;
|a New York :
|b J. Wiley,
|c [1987]
|
| 264 |
|
4 |
|c ©1987
|
| 300 |
|
|
|a xv, 995 pages :
|b illustrations ;
|c 24 cm.
|
| 336 |
|
|
|a text
|b txt
|2 rdacontent
|
| 337 |
|
|
|a unmediated
|b n
|2 rdamedia
|
| 338 |
|
|
|a volume
|b nc
|2 rdacarrier
|
| 500 |
|
|
|a "A Wiley-Interscience publication."
|
| 504 |
|
|
|a Includes bibliographies and index.
|
| 650 |
|
0 |
|a Sediment transport.
|
| 650 |
|
0 |
|a Bed load.
|
| 650 |
|
0 |
|a River channels.
|
| 700 |
1 |
|
|a Thorne, C. R.
|q (Colin R.)
|
| 700 |
1 |
|
|a Bathurst, J. C.
|q (James C.)
|
| 700 |
1 |
|
|a Hey, R. D.
|q (Richard David)
|
| 999 |
|
|
|a MARS
|
| 999 |
f |
f |
|s 60b02e9c-6d6e-3472-8751-2d6de1eb250d
|i 16fd1f4d-9049-39a0-9627-e9d131ae401e
|t 0
|
| 952 |
f |
f |
|p normal
|a Texas A&M University
|b College Station
|c Sterling C. Evans Library
|d Evans: Library Stacks
|t 0
|e TC175.2 .S37 1987
|h Library of Congress classification
|i unmediated -- volume
|m A14825749391
|
| 998 |
f |
f |
|a TC175.2 .S37 1987
|t 0
|l Evans: Library Stacks
|